[Event "Championship Moscow 2019"]
[Site "Moscow]
[Date "2019.04.02"]
[Round "4.12"]
[White "Pavlov, Mark"]
[Black "Yeritsyan, Aram"]
[Result "0-1"]
[WhiteElo "1989"]
[BlackElo "2301"]
[PlyCount "156"]
[EventDate "2019.??.??"]
[WhiteClock "0:14:23"]
[BlackClock "0:44:45"]

1. d4 Nf6 2. Nf3 e6 3. e3 c5 4. Bd3 d5 5. b3 Nbd7 6. O-O g6 7. Bb2 Bg7 8. c4
O-O 9. Qe2 b6 10. Nc3 Bb7 11. Rad1 cxd4 12. exd4 Re8 13. Nb5 Bf8 14. Ne5 a6 15.
Nc3 Bg7 16. Nb1 Rc8 17. Nd2 Qc7 18. Ndf3 dxc4 19. Bxc4 b5 20. Bd3 Nd5 21. Rc1
Qd6 22. Qd2 Red8 23. Rxc8 Rxc8 24. Re1 Nb4 25. Bb1 Nxe5 26. dxe5 Qxd2 27. Nxd2
Nxa2 28. Ne4 Bxe4 29. Bxe4 Nb4 30. Kf1 Bf8 31. Rd1 h5 32. f3 Be7 33. Rd7 Bg5
34. Ba3 Nc2 35. Bxc2 Rxc2 36. Be7 Bxe7 37. Rxe7 Rc5 38. Ra7 Rxe5 39. Rxa6 Re3
40. Kf2 Rxb3 41. Kg3 Kg7 42. Rb6 b4 43. Kf4 Rb2 44. g3 Rxh2 45. Rxb4 Re2 46.
Rb7 Kf6 47. g4 g5+ 48. Kg3 h4+ 49. Kh3 Rf2 50. Rb3 Ke5 51. Rb5+ Kf4 52. Rb4+
Ke3 53. Rb3+ Kd4 54. Ra3 f5 55. Ra4+ Ke5 56. Ra5+ Kf6 57. Ra3 Re2 58. Rd3 Ke5
59. Ra3 fxg4+ 60. fxg4 Kf4 61. Rf3+ Ke4 62. Rf6 Re3+ 63. Kg2 Rg3+ 64. Kh2 e5
65. Rg6 Rxg4 66. Kh3 Rg3+ 67. Kh2 Kf4 68. Rf6+ Kg4 69. Re6 Re3 70. Ra6 Re2+ 71.
Kg1 e4 72. Ra3 e3 73. Ra4+ Kg3 74. Ra1 g4 75. Rb1 Rd2 76. Kh1 e2 77. Rb3+ Kf2
78. Rf3+ Kxf3 0-1

[Event "Championship Moscow 2019"]
[Site "Moscow]
[Date "2019.04.02"]
[Round "4.13"]
[White "Salman, Pavel"]
[Black "Volodin, Viktor"]
[Result "1-0"]
[WhiteElo "2248"]
[BlackElo "2191"]
[PlyCount "71"]
[EventDate "2019.03.30"]

1. d4 d5 2. c4 e6 3. Nf3 Nf6 4. g3 c6 5. Bg2 Nbd7 6. Qc2 Be7 7. O-O O-O 8. Nbd2
b6 9. e4 Nxe4 10. Nxe4 dxe4 11. Qxe4 Bb7 12. Rd1 Qc8 13. Bf4 c5 14. d5 Bf6 15.
Qc2 exd5 16. cxd5 Re8 17. a4 Ne5 18. Nxe5 Bxe5 19. d6 Bd4 20. Rxd4 Bxg2 21. d7
cxd4 22. dxc8=Q Raxc8 23. Qxc8 Rxc8 24. Kxg2 f6 25. Rd1 g5 26. Bd6 Rc4 27. Rd3
Rxa4 28. b3 Ra2 29. Rxd4 b5 30. Rd5 a6 31. Bc5 Kf7 32. g4 Ke6 33. Rd6+ Ke5 34.
Rd7 h6 35. Bd4+ Ke4 36. Bxf6 1-0

[Event "Championship Moscow 2019"]
[Site "Moscow]
[Date "2019.04.02"]
[Round "4.14"]
[White "Zenin, Dmitry"]
[Black "Lupolov, Boris"]
[Result "1/2-1/2"]
[WhiteElo "2236"]
[BlackElo "1907"]
[PlyCount "84"]
[EventDate "2019.03.30"]

1. d4 Nf6 2. c4 e6 3. Nc3 Bb4 4. Qc2 c5 5. dxc5 Na6 6. a3 Bxc3+ 7. Qxc3 Nxc5 8.
f3 d6 9. b4 Na4 10. Qb3 Bd7 11. e4 O-O 12. Be3 a6 13. Ne2 b5 14. cxb5 Bxb5 15.
Nd4 Bxf1 16. Rxf1 Qd7 17. Bg5 Rfc8 18. Rf2 Rc3 19. Qd1 Ne8 20. Rc2 e5 21. Ne2
Rxc2 22. Qxc2 Rc8 23. Qb3 h6 24. Be3 Qb5 25. Rd1 Rc4 26. Rd5 Qc6 27. b5 axb5
28. Qxb5 Nc3 29. Nxc3 Rxc3 30. Qxc6 Rxc6 31. Kd2 Kf8 32. Rd3 Ke7 33. a4 Kd7 34.
a5 Nc7 35. Rb3 Ra6 36. Ra3 f6 37. Kd3 d5 38. exd5 Nxd5 39. Bd2 Kc6 40. Ke4 h5
41. Kf5 Ne7+ 42. Ke6 Nd5 1/2-1/2

[Event "Championship Moscow 2019"]
[Site "Moscow]
[Date "2019.04.02"]
[Round "4.15"]
[White "Obolentseva, Alexandra"]
[Black "Sekoyan, Vachagan"]
[Result "1-0"]
[WhiteElo "2324"]
[BlackElo "1994"]
[PlyCount "71"]
[EventDate "2019.03.30"]

1. d4 g6 2. c4 Bg7 3. Nc3 c5 4. d5 d6 5. e4 Nf6 6. Nge2 b5 7. cxb5 a6 8. Ng3
O-O 9. bxa6 Bxa6 10. Be2 Nbd7 11. O-O Nb6 12. Qc2 Nfd7 13. b3 Bxe2 14. Ngxe2 c4
15. b4 Ne5 16. a4 Nd3 17. Rb1 f5 18. a5 Nd7 19. exf5 Rxf5 20. Be3 Qb8 21. Nd4
Bxd4 22. Bxd4 Qf8 23. Ne2 Rc8 24. b5 Rxd5 25. a6 Nf4 26. Nxf4 Qxf4 27. Be3 Qe5
28. b6 Nxb6 29. Rxb6 Ra5 30. Rd1 d5 31. Bd4 Qf4 32. Qc3 Ra2 33. Re1 Re8 34.
Rbe6 Qf5 35. Rxe7 Rxe7 36. Rxe7 1-0

[Event "Championship Moscow 2019"]
[Site "Moscow]
[Date "2019.04.02"]
[Round "4.16"]
[White "Chudinovskikh, Alexander M"]
[Black "Fedorov, Nikita"]
[Result "1-0"]
[WhiteElo "2206"]
[BlackElo "2030"]
[PlyCount "71"]
[EventDate "2019.03.30"]

1. d4 Nf6 2. Nf3 e6 3. g3 b6 4. Bg2 Bb7 5. O-O Be7 6. b3 O-O 7. Bb2 Ne4 8. c4
f5 9. Ne1 d6 10. f3 Nf6 11. Nd3 Qe8 12. Nc3 g5 13. e4 fxe4 14. fxe4 Qg6 15. Qe2
Nbd7 16. Rae1 Nh5 17. Nb5 Rfc8 18. d5 e5 19. Bh3 Nhf6 20. Bf5 Qg7 21. Nf2 a6
22. Nc3 Re8 23. Ncd1 Nf8 24. Ng4 Kh8 25. Nde3 Rad8 26. Rf2 Ng8 27. h3 Nh6 28.
Ref1 a5 29. Nxh6 Qxh6 30. Bg4 Bc8 31. Bxc8 Rxc8 32. Nf5 Qf6 33. Nxe7 Qxe7 34.
Rf7 Qd8 35. Qh5 Re7 36. Qh6 1-0

[Event "Championship Moscow 2019"]
[Site "Moscow]
[Date "2019.04.02"]
[Round "4.17"]
[White "Yakimenko, Alexander A"]
[Black "Kireev, Igor"]
[Result "1-0"]
[WhiteElo "2185"]
[BlackElo "1673"]
[PlyCount "61"]
[EventDate "2019.03.30"]

1. e4 e5 2. Nf3 Nc6 3. Bb5 a6 4. Ba4 Nf6 5. O-O Be7 6. Re1 b5 7. Bb3 O-O 8. c3
d5 9. d3 Bb7 10. Bg5 Nxe4 11. Bxe7 Qxe7 12. dxe4 dxe4 13. Rxe4 Nd4 14. cxd4
Bxe4 15. Nxe5 Qg5 16. g3 c5 17. Nc3 Bb7 18. f4 Qf6 19. dxc5 Rad8 20. Qe2 Rfe8
21. Rd1 Rxd1+ 22. Qxd1 Rxe5 23. fxe5 Qg5 24. Qd4 Qc1+ 25. Kf2 h6 26. e6 fxe6
27. Bxe6+ Kh8 28. Qd8+ Kh7 29. Bf5+ g6 30. Qe7+ Kh8 31. Qe8+ 1-0

[Event "Championship Moscow 2019"]
[Site "Moscow]
[Date "2019.04.02"]
[Round "4.18"]
[White "Israfilov, Ali"]
[Black "Tarasov, Oleg"]
[Result "0-1"]
[WhiteElo "1792"]
[BlackElo "2175"]
[PlyCount "84"]
[EventDate "2019.03.30"]

1. e4 c5 2. Nf3 d6 3. d4 cxd4 4. Nxd4 Nf6 5. Nc3 a6 6. Be2 e5 7. Nb3 Be7 8. O-O
O-O 9. Re1 Be6 10. Bf1 Nbd7 11. a4 Qc7 12. Bg5 Rac8 13. Qd2 Rfd8 14. Rac1 h6
15. Bxf6 Nxf6 16. Nd5 Nxd5 17. exd5 Bg5 18. Qd3 Bxc1 19. Rxc1 Bd7 20. a5 Ba4
21. c4 e4 22. Qg3 Bxb3 23. Qxb3 Re8 24. Qc3 Qe7 25. b4 e3 26. fxe3 Qxe3+ 27.
Qxe3 Rxe3 28. Rb1 Ra3 29. Kf2 Kf8 30. Rc1 Rb3 31. c5 Rxb4 32. c6 Rc7 33. Be2
Ke7 34. Bf3 bxc6 35. dxc6 Rb5 36. Re1+ Re5 37. Rxe5+ dxe5 38. Ke3 f5 39. g4 g6
40. Bg2 Kd6 41. gxf5 gxf5 42. h4 Rg7 0-1

[Event "Championship Moscow 2019"]
[Site "Moscow]
[Date "2019.04.02"]
[Round "4.19"]
[White "Tunik, Sergey"]
[Black "Muraseev, Vasilii"]
[Result "1-0"]
[WhiteElo "2167"]
[BlackElo "1444"]
[PlyCount "89"]
[EventDate "2019.03.30"]

1. e4 c6 2. Nf3 d5 3. Nc3 Bg4 4. h3 Bxf3 5. Qxf3 dxe4 6. Nxe4 Nd7 7. Qb3 Nb6 8.
Be2 e6 9. d3 Be7 10. a4 Qc7 11. Bd2 Nf6 12. O-O O-O 13. Bf3 Nxe4 14. dxe4 Nd7
15. Be3 Nc5 16. Qc4 Nd7 17. Be2 Bf6 18. c3 b6 19. Rfd1 Rfd8 20. Qa6 h6 21. g3
Be7 22. b4 c5 23. a5 cxb4 24. axb6 axb6 25. Qxa8 Rxa8 26. Rxa8+ Kh7 27. cxb4
Bxb4 28. Bf4 e5 29. Bg4 Nf6 30. Rc8 Qe7 31. Be3 Nxg4 32. hxg4 Qe6 33. Rdc1 Qxg4
34. Bxb6 Qxe4 35. R8c4 Qd3 36. Rxb4 Qd2 37. Rcb1 f5 38. Be3 Qd6 39. Rc4 Qg6 40.
Rb6 Qh5 41. g4 fxg4 42. Rc7 Kg8 43. Bxh6 Qe8 44. Rxg7+ Kh8 45. Rbb7 1-0

[Event "Championship Moscow 2019"]
[Site "Moscow]
[Date "2019.04.02"]
[Round "4.20"]
[White "Spichkin, Alexander"]
[Black "Usov, Aleksandr E"]
[Result "1-0"]
[WhiteElo "2106"]
[BlackElo "1627"]
[PlyCount "129"]
[EventDate "2019.03.30"]

1. b4 e6 2. Bb2 Nf6 3. a3 b6 4. e3 Bb7 5. Nf3 Be7 6. c4 c5 7. bxc5 bxc5 8. d4
O-O 9. Nc3 d5 10. Bd3 dxc4 11. Bxc4 cxd4 12. exd4 Nbd7 13. O-O Nb6 14. Bd3 Nbd5
15. Nxd5 Nxd5 16. Qd2 Nb6 17. Ne5 h6 18. a4 a5 19. f4 Nd5 20. Rac1 Bb4 21. Qe2
Nc3 22. Rxc3 Qxd4+ 23. Qf2 Bxc3 24. Qxd4 Bxd4+ 25. Bxd4 f6 26. Nd7 Rfd8 27. Bb5
Ba6 28. Nb6 Bxb5 29. axb5 Ra7 30. Bc5 Rc7 31. Na4 Rb7 32. b6 Rd2 33. Rc1 e5 34.
fxe5 fxe5 35. Be3 Re2 36. Rc7 Rb8 37. b7 Rf8 38. h3 Rxe3 39. Nc3 Rd3 40. Rc8
Rdd8 41. b8=Q Rxc8 42. Qxe5 Ra8 43. Na4 Kh8 44. Nb6 Ra6 45. Qb5 Ra7 46. Qc5
Rff7 47. Qc6 Kh7 48. Kh2 Kg8 49. h4 a4 50. Nc8 Rac7 51. Qe8+ Kh7 52. Qe4+ Kh8
53. Nd6 Rfd7 54. Nb5 Rc8 55. Qxa4 Rd2 56. Nd4 Rf8 57. Ne6 Rg8 58. Qf4 Ra2 59.
Qf7 Ra6 60. Kh3 Ra5 61. Qg6 Ra1 62. Ng5 Ra3+ 63. Kh2 Rh3+ 64. gxh3 hxg5 65.
Qh5# 1-0

[Event "Championship Moscow 2019"]
[Site "Moscow]
[Date "2019.04.02"]
[Round "4.21"]
[White "Khmelev, Mikhail"]
[Black "Anfinogenov, Artem"]
[Result "1/2-1/2"]
[WhiteElo "1995"]
[BlackElo "2065"]
[PlyCount "112"]
[EventDate "2019.03.30"]

1. e4 e5 2. Nf3 Nc6 3. d4 exd4 4. Nxd4 Bc5 5. Nb3 Bb4+ 6. c3 Be7 7. Bf4 d6 8.
Be2 Nf6 9. N1d2 O-O 10. O-O d5 11. Bf3 Be6 12. Bg3 a5 13. Qc2 a4 14. Nd4 Nxd4
15. cxd4 dxe4 16. Nxe4 Nxe4 17. Bxe4 f5 18. Bxb7 Ra7 19. Qe2 Bxa2 20. Rxa2 Rxb7
21. Be5 Rb4 22. Rc1 Qd5 23. Ra3 Bd6 24. Rac3 Re8 25. Qf3 Qxf3 26. gxf3 Rxb2 27.
Kg2 Bxe5 28. dxe5 Rxe5 29. Rxc7 Ree2 30. Ra7 Rxf2+ 31. Kg3 Rg2+ 32. Kf4 h6 33.
h4 Rb4+ 34. Kxf5 Rxh4 35. f4 Rh5+ 36. Ke4 Rh3 37. Rxa4 Kh7 38. Rc7 Rh5 39. Raa7
Rb5 40. Kf3 Rg1 41. Rab7 Rf5 42. Rf7 Rxf7 43. Rxf7 Kg6 44. Rb7 h5 45. Kf2 Rg4
46. Kf3 Kh6 47. Rb6+ Rg6 48. Rb8 Kh7 49. Rb5 Kh6 50. Rb8 Ra6 51. Kg3 Kg6 52.
Rb3 Ra5 53. Rb7 Kh6 54. Rb6+ g6 55. Rb3 Kg7 56. Rb6 Ra3+ 1/2-1/2

[Event "Championship Moscow 2019"]
[Site "Moscow]
[Date "2019.04.02"]
[Round "4.22"]
[White "Trofimovsky, Alexander"]
[Black "Pesotskiy, Mikhail"]
[Result "0-1"]
[WhiteElo "2031"]
[BlackElo "2300"]
[PlyCount "86"]
[EventDate "2019.03.30"]

1. c4 e5 2. Nc3 Nc6 3. Nf3 Nf6 4. e4 Bb4 5. d3 d6 6. a3 Bxc3+ 7. bxc3 O-O 8.
Be2 Ne7 9. O-O Ng6 10. Ne1 Be6 11. g3 Nd7 12. Ng2 f5 13. exf5 Bxf5 14. Bg4 Bxg4
15. Qxg4 Nc5 16. Bg5 Qc8 17. Qxc8 Raxc8 18. Rfd1 e4 19. d4 Nb3 20. Rab1 Na5 21.
Bc1 b6 22. Ne3 Ne7 23. Rb5 Rf3 24. a4 Rcf8 25. Rf1 c6 26. Rb1 Nf5 27. c5 bxc5
28. dxc5 d5 29. Rb4 h6 30. Nxf5 R8xf5 31. Rb8+ Kh7 32. Rc8 Nc4 33. Re8 Rxc3 34.
Re6 Rcf3 35. Re7 e3 36. Bxe3 Nxe3 37. Rxe3 Rxe3 38. fxe3 Rxf1+ 39. Kxf1 Kg6 40.
Ke2 Kf5 41. Kd3 g5 42. h3 h5 43. Kd4 a5 0-1

[Event "Championship Moscow 2019"]
[Site "Moscow]
[Date "2019.04.02"]
[Round "4.23"]
[White "Razumovskiy, Mikhail"]
[Black "Prokopchuk, Yury"]
[Result "0-1"]
[WhiteElo "2024"]
[BlackElo "2237"]
[PlyCount "56"]
[EventDate "2019.03.30"]

1. d4 Nf6 2. c4 e6 3. g3 d5 4. Bg2 Bb4+ 5. Bd2 Be7 6. Nf3 O-O 7. O-O c6 8. Qc2
Ne4 9. Bf4 Nd7 10. Ne5 f5 11. Rd1 Bf6 12. f3 Bxe5 13. dxe5 Qb6+ 14. e3 g5 15.
fxe4 gxf4 16. c5 Nxc5 17. gxf4 fxe4 18. Nc3 Nd3 19. Rxd3 exd3 20. Qxd3 Rxf4 21.
Kh1 Rf7 22. Qe2 Bd7 23. Rg1 Rg7 24. Bf1 Rxg1+ 25. Kxg1 Kh8 26. Qf2 Qd8 27. Kh1
Qf8 28. Qe2 Qf5 0-1

[Event "Championship Moscow 2019"]
[Site "Moscow]
[Date "2019.04.02"]
[Round "4.24"]
[White "Makarenko, Aleksandr"]
[Black "Bezhenar, Georgy"]
[Result "1/2-1/2"]
[WhiteElo "2215"]
[BlackElo "1953"]
[Annotator "icy"]
[PlyCount "76"]
[EventDate "2019.03.30"]

1. d4 e6 2. Nf3 Nf6 3. g3 b5 4. Bg2 Bb7 5. O-O Be7 6. a4 b4 7. a5 O-O 8. Nbd2
d6 9. c3 bxc3 10. bxc3 Na6 11. Re1 c5 12. e4 Qc7 13. e5 Nd5 14. Ne4 dxe5 15.
dxe5 Rfd8 16. Qc2 h6 17. g4 Ndb4 18. cxb4 Nxb4 19. Qe2 Ba6 20. Qe3 Nc2 21. Qc3
Nxa1 22. Qxa1 Bd3 23. Bf4 Rab8 24. Nd6 Rb4 25. Bg3 Rxg4 26. Qc3 Bh7 27. Rc1 Ra4
28. h3 Rxa5 29. Nb7 Qxb7 30. Qxa5 Be4 31. Ne1 Bxg2 32. Nxg2 Rd7 33. Ne3 h5 34.
Qa4 Rd4 35. Qe8+ Bf8 36. h4 Rb4 37. Nc4 Qf3 38. Kh2 g5 {çàïèñü
íåÿñíà} 1/2-1/2

[Event "Championship Moscow 2019"]
[Site "Moscow]
[Date "2019.04.02"]
[Round "4.25"]
[White "Teiitbaev, Aktilek"]
[Black "Anisimov, Yuri"]
[Result "1/2-1/2"]
[WhiteElo "2193"]
[BlackElo "1919"]
[PlyCount "100"]
[EventDate "2019.03.30"]

1. e4 e6 2. d4 d5 3. Nc3 Nf6 4. Bg5 dxe4 5. Nxe4 Be7 6. Bxf6 gxf6 7. Nf3 b6 8.
g3 Bb7 9. Nc3 Nd7 10. Bg2 c6 11. Qe2 Qc7 12. a3 O-O-O 13. O-O-O f5 14. Rhe1 Bf6
15. Qe3 Rhg8 16. Bh1 Kb8 17. Kb1 a6 18. Qh6 Rdf8 19. Qe3 Rd8 20. Re2 h5 21. Ne1
Nf8 22. Ng2 Ng6 23. Red2 h4 24. Ne2 hxg3 25. hxg3 c5 26. c3 Rh8 27. f3 Ka7 28.
Ngf4 Nxf4 29. gxf4 cxd4 30. Nxd4 Bxd4 31. Rxd4 Rxd4 32. cxd4 Rc8 33. Rc1 Qd7
34. Rxc8 Qxc8 35. Bg2 Qg8 36. Bf1 Qg3 37. Be2 Qe1+ 38. Kc2 Bc6 39. Qd2 Ba4+ 40.
Kc3 Qh4 41. d5 exd5 42. Qxd5 Qe1+ 43. Qd2 Qf2 44. b3 Qc5+ 45. Kb2 Bc6 46. Bd1
Qe7 47. Qc2 Qe6 48. Qc3 Qd7 49. Bc2 Qe6 50. a4 a5 1/2-1/2

[Event "Championship Moscow 2019"]
[Site "Moscow]
[Date "2019.04.02"]
[Round "4.26"]
[White "Kurdakov, Yuri"]
[Black "Zurabian, Vage"]
[Result "1-0"]
[WhiteElo "2144"]
[BlackElo "1842"]
[PlyCount "79"]
[EventDate "2019.03.30"]

1. c4 f5 2. Nc3 Nf6 3. g3 e6 4. Bg2 d5 5. d4 c6 6. Bf4 Bd6 7. Qb3 Qc7 8. e3
Bxf4 9. gxf4 O-O 10. Nf3 Nbd7 11. Ne5 Qd6 12. O-O g6 13. Rac1 Kg7 14. Rfd1 Ne4
15. Ne2 Qe7 16. a3 Nxe5 17. fxe5 Qh4 18. Ng3 Ng5 19. f4 Ne4 20. Bxe4 fxe4 21.
Rf1 h5 22. Qc2 Bd7 23. Qg2 Kh6 24. Kh1 Rg8 25. Qf2 Qe7 26. Ne2 Raf8 27. h4 b6
28. Qg3 Bc8 29. Qg5+ Qxg5 30. fxg5+ Kg7 31. Rf6 Ba6 32. Nf4 Rxf6 33. exf6+ Kf7
34. cxd5 exd5 35. Rxc6 Rc8 36. Rxc8 Bxc8 37. Nxd5 Bb7 38. Nf4 a5 39. Kg1 b5 40.
Kf2 1-0

[Event "Championship Moscow 2019"]
[Site "Moscow]
[Date "2019.04.02"]
[Round "4.27"]
[White "Zaitsev, Vitaly"]
[Black "Bogaudinov, Rushan"]
[Result "1/2-1/2"]
[WhiteElo "1968"]
[BlackElo "2123"]
[PlyCount "102"]
[EventDate "2019.03.30"]

1. d4 Nf6 2. c4 g6 3. Nc3 Bg7 4. e4 d6 5. Be2 Nbd7 6. Bg5 c5 7. d5 a6 8. a4 Qa5
9. Bd2 Qc7 10. f4 O-O 11. Nf3 Re8 12. O-O e6 13. Bd3 exd5 14. exd5 Nf8 15. h3
Bd7 16. Qc2 b5 17. axb5 axb5 18. Rxa8 Rxa8 19. Nxb5 Bxb5 20. cxb5 Qb7 21. Bc4
N8d7 22. Qd3 Nb6 23. b3 Nbxd5 24. f5 Ne7 25. Qxd6 Ne4 26. Qd3 gxf5 27. Bg5 h6
28. Bxe7 Qxe7 29. Rd1 Bf6 30. Qd5 Rd8 31. Qxd8+ Qxd8 32. Rxd8+ Bxd8 33. Ne5 Nd6
34. Nd7 Nc8 35. Kf1 Kg7 36. Nxc5 Kf6 37. Nd7+ Ke7 38. Ne5 Bc7 39. Nd3 f6 40.
Ke2 Nb6 41. Kf3 Bd6 42. Nf4 Be5 43. Bd3 Kd6 44. Bxf5 Ba1 45. Be4 Kc5 46. Bc6
Nc8 47. Kg4 Ne7 48. Be8 Bc3 49. Ne6+ Kd6 50. Ng7 Bd4 51. Kh5 Be3 1/2-1/2

[Event "Championship Moscow 2019"]
[Site "Moscow]
[Date "2019.04.02"]
[Round "4.28"]
[White "Khudyakov, Stanislav"]
[Black "Paldyaev, Vladislav"]
[Result "1-0"]
[WhiteElo "2106"]
[BlackElo "1756"]
[PlyCount "67"]
[EventDate "2019.03.30"]

1. e4 Nf6 2. e5 Nd5 3. Nf3 e6 4. d4 d6 5. Be2 Be7 6. O-O O-O 7. c4 Nb6 8. Nc3
c6 9. exd6 Bf6 10. Ne4 N8d7 11. Bf4 Re8 12. Qd2 g6 13. Nxf6+ Qxf6 14. Bg5 Qh8
15. Be7 f6 16. Rfe1 Kg7 17. Bd3 Qg8 18. Re4 Qf7 19. Rae1 Nf8 20. Rh4 Rxe7 21.
dxe7 Qxe7 22. Qa5 Bd7 23. Rhe4 Be8 24. d5 Qd6 25. c5 Qxd5 26. Rd4 Qh5 27. g4
Qh3 28. Bf1 Qxf3 29. Bg2 Qxg2+ 30. Kxg2 Nd5 31. Rxd5 cxd5 32. Qc7+ Bf7 33. Qxb7
Rd8 34. c6 1-0

[Event "Championship Moscow 2019"]
[Site "Moscow]
[Date "2019.04.02"]
[Round "4.29"]
[White "Tarasov, Danila"]
[Black "Paster, Arkady M"]
[Result "1-0"]
[WhiteElo "1934"]
[BlackElo "2046"]
[PlyCount "67"]
[EventDate "2019.03.30"]

1. e4 c5 2. Nf3 d6 3. d4 cxd4 4. Nxd4 Nf6 5. Nc3 a6 6. Be2 e6 7. g4 d5 8. exd5
Nxd5 9. Nxd5 Qxd5 10. Bf3 Qe5+ 11. Be3 Bc5 12. Qd2 Bxd4 13. Qxd4 Qxd4 14. Bxd4
O-O 15. O-O-O Nc6 16. Bc5 Re8 17. Bxc6 bxc6 18. Rd6 e5 19. g5 Be6 20. Rhd1 Rac8
21. a4 f6 22. gxf6 gxf6 23. h4 h5 24. Bb6 Kf7 25. Rd8 Bc4 26. R8d7+ Re7 27.
Rxe7+ Kxe7 28. Rg1 c5 29. Rg7+ Bf7 30. a5 Ke6 31. Rg3 e4 32. Kd2 Kf5 33. Rg7
Bc4 34. Ke3 1-0

[Event "Championship Moscow 2019"]
[Site "Moscow]
[Date "2019.04.02"]
[Round "4.30"]
[White "Zhuk, Kirill"]
[Black "Zverev, Lev"]
[Result "1/2-1/2"]
[WhiteElo "1894"]
[BlackElo "1703"]
[PlyCount "113"]
[EventDate "2019.03.30"]

1. e4 e5 2. Nf3 Nc6 3. Bc4 Bc5 4. c3 Nf6 5. d3 d6 6. a4 a6 7. h3 Ba7 8. Nbd2 h6
9. a5 Ne7 10. O-O g5 11. Qb3 Rh7 12. d4 Ng6 13. Rd1 g4 14. hxg4 Nxg4 15. Nf1
Qf6 16. Qc2 Bd7 17. Ne3 O-O-O 18. Nd5 Qg7 19. Qe2 Rg8 20. Ra3 Nf6 21. Ne1 Nxd5
22. Bxd5 Nh4 23. Rd3 Qf6 24. g3 exd4 25. e5 dxe5 26. cxd4 Bb5 27. Qxe5 Qxe5 28.
dxe5 Bxd3 29. Rxd3 c6 30. Be4 Rhg7 31. Kf1 Ng6 32. Bxh6 Rh7 33. Bf4 Rh2 34.
Bf5+ Kb8 35. Rd2 Nxf4 36. gxf4 Be3 37. Rc2 Bxf4 38. Nd3 Bg5 39. Ke2 Bd8 40. b4
Rg5 41. Be4 Be7 42. Rc4 Rg8 43. Ke3 Re8 44. f4 Rh3+ 45. Kd4 Rh6 46. Bf5 Bd8 47.
Ke4 Rg8 48. Rc2 Be7 49. Rb2 Kc7 50. Rd2 Rh4 51. Rc2 Rgh8 52. Rg2 Rf8 53. Rg7
Kd8 54. Rg2 Kc7 55. Rg7 Kd8 56. Rg2 Kc7 57. Rg7 1/2-1/2

[Event "Championship Moscow 2019"]
[Site "Moscow]
[Date "2019.04.02"]
[Round "4.31"]
[White "Brygov, Igor"]
[Black "Akhmedov, David"]
[Result "1/2-1/2"]
[WhiteElo "2052"]
[BlackElo "1657"]
[PlyCount "78"]
[EventDate "2019.03.30"]

1. Nf3 Nf6 2. c4 g6 3. d4 Bg7 4. g3 O-O 5. Bg2 d6 6. Nc3 Nc6 7. O-O e5 8. d5
Ne7 9. e4 Ne8 10. b4 h6 11. c5 f5 12. Nd2 f4 13. f3 fxg3 14. hxg3 g5 15. Nc4
Ng6 16. Be3 h5 17. Qd2 Bf6 18. f4 gxf4 19. gxf4 Nxf4 20. Bxf4 exf4 21. e5 dxe5
22. Ne4 Bg7 23. Rae1 Bg4 24. Qc3 f3 25. Bxf3 Bxf3 26. Rxf3 Rxf3 27. Qxf3 Qxd5
28. Ne3 Qf7 29. Nf5 Qg6+ 30. Kh2 Qg4 31. Ne7+ Kh7 32. Qxg4 hxg4 33. Ng5+ Kh6
34. Nf7+ Kh7 35. Kg3 Bf6 36. Nd5 Kg7 37. Nxe5 c6 38. Nxf6 Nxf6 39. Nxg4 Nd5
1/2-1/2

[Event "Championship Moscow 2019"]
[Site "Moscow]
[Date "2019.04.02"]
[Round "4.32"]
[White "Pak, Nikita"]
[Black "Gerasimov, Vadim"]
[Result "1-0"]
[WhiteElo "1916"]
[BlackElo "1688"]
[PlyCount "55"]
[EventDate "2019.03.30"]

1. d4 d5 2. Nf3 Nf6 3. Bf4 c6 4. e3 h6 5. Nbd2 e6 6. c4 Be7 7. Bd3 O-O 8. O-O
Nbd7 9. e4 dxe4 10. Nxe4 Nxe4 11. Bxe4 Nf6 12. Bc2 c5 13. Qd3 Bd6 14. Ne5 Re8
15. Rad1 Qc7 16. Rfe1 cxd4 17. Qxd4 Bc5 18. Qd3 Qb6 19. Bg3 Qxb2 20. Nxf7 Kxf7
21. Qg6+ Kf8 22. Be5 Qb6 23. Bxf6 Qc7 24. Qh7 Bxf2+ 25. Kh1 Qf7 26. Qh8+ Qg8
27. Bxg7+ Kf7 28. Bg6+ 1-0

[Event "Championship Moscow 2019"]
[Site "Moscow]
[Date "2019.04.02"]
[Round "4.33"]
[White "Kudryaev, Ivan"]
[Black "Alekseev, Mikhail"]
[Result "0-1"]
[WhiteElo "1667"]
[BlackElo "1879"]
[PlyCount "110"]
[EventDate "2019.03.30"]

1. d4 Nf6 2. Nf3 g6 3. c4 Bg7 4. Nc3 d5 5. g3 O-O 6. Bg2 c6 7. O-O Nbd7 8. cxd5
Nxd5 9. Nxd5 cxd5 10. Bf4 Qb6 11. Qd2 Nf6 12. Ne5 Bf5 13. Rfc1 Rfc8 14. e3 Ne4
15. Bxe4 Bxe4 16. f3 Bxe5 17. fxe4 Bxf4 18. gxf4 dxe4 19. Rc2 Rxc2 20. Qxc2 Qe6
21. Rc1 h5 22. b3 h4 23. Qe2 Rc8 24. Rxc8+ Qxc8 25. Kg2 Qf5 26. h3 Qa5 27. Qc2
Kg7 28. Qxe4 Qxa2+ 29. Kf3 Qxb3 30. Qe5+ Kg8 31. Qxe7 Qd5+ 32. Kf2 a5 33. Ke1
Qh1+ 34. Kf2 Qxh3 35. Qe8+ Kg7 36. Qe5+ Kh7 37. Qe8 Kg7 38. Qe5+ Kh7 39. Qxa5
Qh2+ 40. Kf3 h3 41. Qg5 Qh1+ 42. Kf2 h2 43. d5 Qe4 44. Qh4+ Kg7 45. Qxh2 Qxd5
46. Qg1 b5 47. Qa1+ Kh7 48. Qb2 Qc4 49. Ke1 Qd5 50. Qh2+ Kg8 51. Qd2 Qxd2+ 52.
Kxd2 f5 53. Kc3 Kf7 54. Kb4 Ke6 55. Kxb5 Kd5 0-1

[Event "Championship Moscow 2019"]
[Site "Moscow]
[Date "2019.04.02"]
[Round "4.34"]
[White "Grigoryev, Vladislav"]
[Black "Usov, Dmitry E"]
[Result "1-0"]
[WhiteElo "1741"]
[BlackElo "1032"]
[PlyCount "63"]
[EventDate "2019.03.30"]

1. e4 c6 2. Nc3 d5 3. Nf3 dxe4 4. Nxe4 Nf6 5. Qe2 Nxe4 6. Qxe4 Nd7 7. Bc4 Nf6
8. Qe2 Bf5 9. d4 e6 10. c3 Be7 11. Bf4 O-O 12. O-O Qb6 13. h3 Nd5 14. Bg3 Nf6
15. Ne5 Rfd8 16. Rad1 Rac8 17. Bd3 Bxd3 18. Nxd3 Bd6 19. Bh4 Be7 20. Rfe1 Nd5
21. Bg3 Bd6 22. Ne5 Ne7 23. Nxf7 e5 24. Nxd8 Rxd8 25. dxe5 Bc7 26. Bh4 Rxd1 27.
Rxd1 Nf5 28. Qc4+ Kf8 29. Rd7 Nh6 30. Qe6 c5 31. Be7+ Ke8 32. Bd6# 1-0

[Event "Championship Moscow 2019"]
[Site "Moscow]
[Date "2019.04.02"]
[Round "4.1"]
[White "Charochkina, Daria"]
[Black "Utiatskaja, Irina"]
[Result "1/2-1/2"]
[WhiteElo "2330"]
[BlackElo "2210"]
[PlyCount "127"]
[EventDate "2019.??.??"]
[WhiteClock "0:05:21"]
[BlackClock "0:01:08"]

1. c4 g6 2. Nc3 Bg7 3. g3 c5 4. Bg2 Nc6 5. e3 Nh6 6. Nge2 Nf5 7. a3 O-O 8. Rb1
d6 9. O-O Bd7 10. b4 Rb8 11. d3 b6 12. h3 Qc8 13. b5 Na5 14. Bd2 e6 15. Nc1 Ne7
16. e4 Nb7 17. Nb3 Nd8 18. Kh2 e5 19. Nd5 Nxd5 20. exd5 f5 21. f4 Nf7 22. Qe2
a5 23. a4 Qc7 24. Qf2 Rbe8 25. Rbe1 Qd8 26. Bc1 Qc8 27. Nd2 Re7 28. Nf3 Rfe8
29. Bb2 exf4 30. gxf4 Rxe1 31. Rxe1 Rxe1 32. Nxe1 Bxb2 33. Qxb2 Qe8 34. Qd2 h6
35. Nf3 Qe7 36. h4 Kh7 37. Kg3 Kg8 38. d4 Kh7 39. dxc5 dxc5 40. Qc3 g5 41. hxg5
hxg5 42. fxg5 Nxg5 43. Qe5 Ne4+ 44. Kh2 Qf8 45. Bh3 Qd6 46. Qxd6 Nxd6 47. Ne5
Be8 48. Kg3 Kg7 49. Kf4 Kf6 50. Bg2 Nf7 51. Nxf7 Bxf7 52. Bh3 Bg6 53. Bf1 Bh7
54. Bd3 Bg6 55. Bc2 Bh7 56. d6 Bg6 57. Bd3 Bh7 58. Bb1 Bg6 59. Bd3 Bh7 60. Bc2
Bg6 61. d7 Ke7 62. Kg5 Bf7 63. Bd3 Kxd7 64. Kxf5 1/2-1/2

[Event "Championship Moscow 2019"]
[Site "Moscow]
[Date "2019.04.02"]
[Round "4.3"]
[White "Diakonova, Ekaterina"]
[Black "Zotova, Anastasia"]
[Result "1/2-1/2"]
[WhiteElo "2214"]
[BlackElo "2148"]
[PlyCount "95"]
[EventDate "2019.??.??"]
[WhiteClock "0:25:57"]
[BlackClock "0:01:14"]

1. e4 c5 2. Nf3 d6 3. d4 cxd4 4. Nxd4 Nf6 5. Nc3 a6 6. h3 e5 7. Nde2 h5 8. g3
Be7 9. a4 b6 10. Bg2 Bb7 11. O-O Nbd7 12. Nd5 Nxd5 13. exd5 Rc8 14. Be3 Qc7 15.
Rc1 b5 16. f4 h4 17. g4 exf4 18. Nxf4 Ne5 19. Nh5 O-O 20. c3 Qc4 21. b3 Qd3 22.
Bd4 Qxd1 23. Rcxd1 Bg5 24. Ra1 Ra8 25. Nf4 Rfe8 26. Bb6 Rac8 27. Bd4 Ra8 28.
Kh1 Bxf4 29. Rxf4 Nd3 30. Rff1 Re2 31. axb5 axb5 32. Rxa8+ Bxa8 33. Ra1 Bb7 34.
c4 bxc4 35. bxc4 Rc2 36. Rd1 Nf4 37. Bf1 Kf8 38. Be3 Ne2 39. Bxe2 Rxe2 40. Bg5
Re4 41. Rb1 Ba6 42. c5 dxc5 43. d6 Ke8 44. Rb8+ Kd7 45. Rd8+ Kc6 46. d7 Bc4 47.
Rc8+ Kxd7 48. Rxc5 1/2-1/2